| 000 | 00753cam a22002412 4500 | ||
|---|---|---|---|
| 001 | 0000003928 | ||
| 005 | 20151217154343.0 | ||
| 008 | 070517s xx 000 0 eng d | ||
| 020 | _a0618215360 : | ||
| 040 |
_aKABU _cKABU |
||
| 050 | 0 |
_aQD251.2 _b.H37 2003 |
|
| 100 | 1 |
_aHart, Harold. _@0000154180 |
|
| 245 | 1 | 0 |
_aOrganic chemistry : _ba short course / _cHarold Hart, Leslie E. Craine, David J. Hart. |
| 250 | _a11th ed. | ||
| 260 |
_aBoston : _bHoughton Mifflin, _c2003. |
||
| 300 | _axxi, 566 p. | ||
| 650 | 0 |
_aChemistry, Organic. _@0000154158 |
|
| 700 | 1 |
_aCraine, Leslie E. _@0000154181 |
|
| 700 | 1 |
_aHart, David J. _@0000154182 |
|
| 852 | 1 | _9p4062.35 KES | |
| 908 | _a070517 | ||
| 950 | _@1 | ||
| 999 |
_c10709 _d10709 |
||